BTS Fact Quiz! - Statistics

General Stats
  • This quiz has been taken 1,042 times
  • The average score is 9 of 15
Answer Stats
Hint Answer % Correct
Which member sang 'We don't talk Anymore'? Jungkook
93%
Which member sang 'Tony Montana' with Suga? Jimin
87%
Which member does not use iPhone X? Jin
79%
What job did Jungkook dress up as in 'Dope'? Police Officer
79%
Which member is roomed with V? RM
76%
Which member went to the school his dad taught in? J-Hope
74%
In BT-21, which animal is RM? Koala
71%
Before debut, which member was holding chicken when he came into the dormitory to find that J-Hope was the only one there? Suga
71%
When is BTS debut date? June 13, 2013
70%
Which member's nickname is CGV? V
65%
In BT-21, which animal is Jin? Alpaca
55%
Where did Jin go in 'Law of the Jungle'? Indonesia
15%
When is J-Hope's mixtape being released? March, 2018
12%
What does J-Hope want to dress up as for Halloween? Batman
2%
What did RM compare him and J-Hope to? Fire and Water
2%
No matching quizzes found
Score Distribution
Percent of People with Each Score
Percentile by Number Answered
Your Score History
You have not taken this quiz